Skibidi Toilet- twórcy i postacie cz 1 - Statystyki

Ogólne statystyki
  • Ten quiz został rozwiązany 13 razy
  • Średni wynik to 4 z 500
Statystyki odpowiedzi
Twórca Postać % Poprawnych
Dafuq?Boom! G-man toilet /G-man toilet(Phase 1)
44%
Dafuq?Boom! G-man toilet/G-man toilet (Phase 2)
44%
Dafuq?Boom! Normal toilet
44%
Dafuq?Boom! Astro toilet
33%
Dafuq?Boom! Mini toilet
33%
Dafuq?Boom! Scientist toilet
22%
Dafuq?Boom! Tiny toilet
22%
Dafuq?Boom! Vaccum toilet
22%
Dafuq?Boom! Claw toilet
11%
Dafuq?Boom! DJ toilet
11%
Dafuq?Boom! Flamethrower toilet
11%
Dafuq?Boom! Flying toilet
11%
Dafuq?Boom! Giant toilet
11%
Dafuq?Boom! Glasses toilet
11%
Dafuq?Boom! Holy toilet
11%
Dafuq?Boom! Jetpack toilet
11%
Dafuq?Boom! Large toilet
11%
Dafuq?Boom! Secret agent / Dafuq?Boom!
11%
Dafuq?Boom! Urinal toilet
11%
Dafuq?Boom! Acid helicopter robber toilet
0%
Dom studio Acid toilet
0%
Dafuq?Boom! Alliance destroyer toilet
0%
Dom studio Alpha
0%
Dom studio Angry titan drillman
0%
Omega skibidi Angry toilet
0%
Dom studio Anten tv toilet
0%
Viralance Armored bathub toilet
0%
Dom studio Armored buzzsaw toilet
0%
Dom studio Armored helicopter toilet
0%
Viralance Armored jetpack laser toilet
0%
Dafuq?Boom! | Dom studio Armored laser toilet
0%
Spiddarund Armored rocket launcher planecopter toilet
0%
Spiddarund Armored rocket launcher plane toilet
0%
Dafuq?Boom! Armored rocket launcher toilet
0%
Skibidi studio Armored rocket toilet
0%
Skibidi studio Armored toilet
0%
Dafuq?Boom! Assasin toilet
0%
Skibidi studio Astro parasitic toilet
0%
Dom studio Axe humanoid toilet
0%
Skibidi studio Badmintonist toilet
0%
Dom studio Bars planecopter toilet
0%
Dom studio Baseball humanoid toilet
0%
Dafuq?Boom! Bathub toilet
0%
Skibidi studio Blacksmith toilet
0%
Skibidi studio Blue rocket toilet
0%
Viralance Blue spider toilet
0%
Omega skibidi Bobo toilet
0%
BoomDag? BoomDag?
0%
Skibidi studio Boss astro toilet
0%
Skibidi studio Bot DJ toilet
0%
Skibidi studio Builder toilet
0%
Dafuq?Boom! Build repair toilet
0%
Dafuq?Boom! Burglar toilet
0%
Dafuq?Boom! Buzzhand toilet
0%
Skibidi studio Buzzsaw carousel toilet
0%
Skibidi studio Buzzsaw crab toilet
0%
Dafuq?Boom! Buzzsaw furnance toilet
0%
Omega skibidi Buzzsaw furnance triple toilet
0%
Dafuq?Boom! Buzzsaw g-clone toilet
0%
Dafuq?Boom! Buzzsaw humanoid toilet
0%
Spiddarund Buzzsaw laser glasses toilet
0%
Omega skibidi Buzzsaw solider toilet
0%
Dom studio Buzzsaw spike toilet
0%
Skibidi studio Buzzsaw toxic toilet
0%
Omega skibidi Cable toilet
0%
Dafuq?Boom! Camo toilet
0%
Dafuq?Boom! Car buzzsaw toilet
0%
Dafuq?Boom! Cargo helicopter toilet
0%
Dafuq?Boom! Car shot toilet
0%
Dafuq?Boom! Cat toilet
0%
Omega skibidi Cello toilet
0%
Chasing skyler Chasing skyler
0%
Dafuq?Boom! Child toilet
0%
Dom studio Claw clown toilet
0%
Dafuq?Boom! Claw jetpack toilet
0%
Skibidi studio Claw robber toilet
0%
Viralance Claw scientist toilet
0%
Viralance Claw spike toilet
0%
Skibidi studio Clock g-clone toilet
0%
Skibidi studio Clockman toilet
0%
Dom studio Clown humanoid toilet
0%
CNS- CNS-
0%
Dom studio Combine clown toilet
0%
Skibidi studio Cook toilet
0%
Dafuq?Boom! Cool toilet
0%
Skibidi studio Cosmo bot toilet
0%
Dom studio Counter spider
0%
Dom studio Counter titan
0%
Cozy studios Cozy studios
0%
Dom studio Crazy toilet
0%
Viralance Cutter toilet
0%
Dafuq?Boom! Cyber helicopter toilet
0%
Skibidi studio Cyber toilet
0%
Skibidi studio Cyborg toilet
0%
Dom studio Cyclope toilet
0%
Skibidi studio Demon toilet
0%
Dafuq?Boom! Destroyed humanoid toilet
0%
Dafuq?Boom! Detainer astro toilet
0%
Omega skibidi Devil toilet
0%
Skibidi studio DJ parasitic toilet
0%
Dafuq?Boom! DJ strider toilet
0%
Dom studio Doll toilet
0%
Dom studio Dom studio
0%
Spiddarrund Drill humanoid toilet
0%
Skibidi studio Drill jetpack toilet
0%
Spiddarund Drill laser toxic flying toilet
0%
Skibidi studio Drillman toilet
0%
Dom studio Drill parasitic toilet
0%
Dom studio Drill toilet
0%
Dafuq?Boom! Dual axe humanoid toilet
0%
Dafuq?Boom! Dual blade strider toilet
0%
Dafuq?Boom! Dual buzzsaw humanoid toilet
0%
Dafuq?Boom! Dual cargo helicopter toilet
0%
Skibidi studio Dual head toxic acid barrel toilet
0%
Viralance Dual tridian
0%
Skibidi studio Dumpster toilet
0%
Dom studio Dynamite toilet
0%
Dafuq?Boom! Egg toilet
0%
Dafuq?Boom! Electric toilet
0%
Dom studio Elf toilet
0%
Viralance Energy king toilet
0%
Skibidi studio Explosion barrel helicopter toilet
0%
Dafuq?Boom! Explosion barrel toilet
0%
Skibidi studio Explosion toilet
0%
Dom studio Explosion triple toilet
0%
Dafuq?Boom! Fan toilet
0%
Skibidi studio Firefighter toilet
0%
Dafuq?Boom! Fire toilet
0%
Skibidi studio Flamethrower bot toilet
0%
Dafuq?Boom! Flying dual buzzsaw toilet
0%
Spiddarund Flying dual laser toilet
0%
Omega skibidi Footballer toilet
0%
Skibidi studio Fortress toilet
0%
Dafuq?Boom! Frankenstein toilet
0%
Fuq?Bam! Fuq?Bam!
0%
Dom studio Gas mask humanoid toilet
0%
Skibidi studio Gas mask toilet
0%
Skibidi studio G-bot toilet
0%
Dafuq?Boom! G-clone toilet
0%
Dom studio Ghost toilet
0%
Skibidi studio GIant builder toilet
0%
Dafuq?Boom! Giant car buzzsaw toilet
0%
Dafuq?Boom! Giant claw toilet
0%
Skibidi studio Giant cyborg toilet
0%
Skibidi studio Giant explosion toilet
0%
Dom studio Giant flying dual buzzsaw toilet
0%
Dom studio Giant ghost toilet
0%
Dafuq?Boom! Giant glasses toilet
0%
Viralance Giant gun toilet
0%
Sunred Giant hacker toilet
0%
Dafuq?Boom! Giant helicopter toilet
0%
Dafuq?Boom! Giant jetpack toilet
0%
Skibidi studio Giant junkyard toilet
0%
Dafuq?Boom! Giant laser rocket launcher toilet
0%
Dom studio Giant magnetic toilet
0%
Viralance Giant mechanic toilet
0%
Dafuq?Boom! Giant police toilet
0%
Dafuq?Boom! Giant rocket launcher toilet
0%
Dafuq?Boom! Giant rocket toilet
0%
Dafuq?Boom! | Dom studio Giant saw toilet
0%
Viralance Giant scientist toilet
0%
Dafuq?Boom! Giant shield toilet
0%
Dom studio Giant shot toilet
0%
Dom studio Giant speaker toilet
0%
Dafuq?Boom! Giant spider toilet
0%
Dafuq?Boom! Giant summoner flying toilet
0%
Spiddarund Giant swat toilet
0%
Viralance Giant woman toilet
0%
Skibidi studio Giga chad toilet
0%
Dafuq?Boom! Glasses buzzsaw humanoid toilet
0%
Skibidi studio Glitch g-clone toilet
0%
Dafuq?Boom! Glitch toilet
0%
Viralance G-man emperor toilet
0%
Viralance G-man emperor toilet 2.0
0%
Dafuq?Boom! G-man toilet 2.0
0%
Dafuq?Boom! G-man toilet (Headphones)
0%
Dafuq?Boom! G-man toilet (Injured)
0%
Skibidi studio Grabpack toilet
0%
Omega Skibidi Grandma toilet
0%
Skibidi studio Grandpa tank toilet
0%
Dafuq?Boom! Grandpa toilet
0%
Dom studio Green clown toilet
0%
Viralance Gripper toilet
0%
Skibidi studio Hacker bot toilet
0%
Dom studio Hacker toilet
0%
Dom studio Half junkyard toilet
0%
Dom studio Hand buzzsaw toilet
0%
Dafuq?Boom! Hand toilet
0%
Viralance Helicopter claw toilet
0%
Dom studio Helicopter clown toilet
0%
Dafuq?Boom! Helicopter militiant toilet
0%
Dafuq?Boom! Helicopter parasitic toilet
0%
Viralance Helicopter skeleton toilet
0%
Dom studio Helicopter speaker toilet
0%
Dafuq?Boom! Helicopter spider toilet
0%
Dom studio Helicopter theatron toilet
0%
Dafuq?Boom! Helicopter toilet
0%
Viralance Homar toilet
0%
Skibidi studio Homeless toilet
0%
Dom studio Hot air ballon toilet
0%
Dom studio Hot sauce humanoid toilet
0%
Dafuq?Boom! Humanoid toilet
0%
Omega skibidi Hydra toilet
0%
Viralance Infected big tvman
0%
Dafuq?Boom! Infected cameraman
0%
Dafuq?Boom! Infected giant speakerman
0%
Dafuq?Boom! Infected large cameraman
0%
Dafuq?Boom! Infected speakerman
0%
Dom studio Infected Titan cameraman
0%
Dafuq?Boom! Infected titan speakerman
0%
Dafuq?Boom! Infected titan speakerman 2.0
0%
Dafuq?Boom! Injured DJ toilet
0%
Dafuq?Boom! Jessie Pinky toilet
0%
Dafuq?Boom! Jetpack laser toilet
0%
Dafuq?Boom! Junkyard toilet
0%
Dom studio Just crazy humanoid toilet
0%
Skibidi studio Katana strider toilet
0%
Dom studio King Scientist toilet
0%
Sunred Kitchen toilet
0%
Dafuq?Boom! Knight astro toilet
0%
Dom studio Knight strider toilet
0%
Skibidi studio Large builder toilet
0%
Dafuq?Boom! Large car shot toilet
0%
Skibidi studio Large cyborg toilet
0%
Dom studio Large drill toilet
0%
Dafuq?Boom! Large glasses toilet
0%
Dafuq?Boom! Large humanoid toilet
0%
Dom studio Large minigun toilet
0%
Dafuq?Boom! Large parasitic toilet
0%
Dafuq?Boom! Large police toilet
0%
Dafuq?Boom! Large scientist toilet
0%
Viralance Large skibidi man
0%
Skibidi studio Large solider toilet
0%
Dafuq?Boom! Large striker toilet
0%
Dafuq?Boom! Large summoner flying toilet
0%
Skibidi studio Large trashcan toilet
0%
Omega skibidi Large zombie toilet
0%
Skibidi studio Laser buzzsaw helicopter toilet
0%
Viralance Laser flamethrower toilet
0%
Dafuq?Boom! Laser g-clone toilet
0%
Dafuq?Boom! Laser giant flying toilet
0%
Dafuq?Boom! Laser plane toilet
0%
Dafuq?Boom! Laser scientist toilet
0%
Dafuq?Boom! Laser spider toilet
0%
Viralance Laser tank toilet
0%
Skibidi studio Laser toilet
0%
Dafuq?Boom! Laser ufo toilet
0%
Dafuq?Boom! Launcher helicopter toilet
0%
Dom studio Lava toilet
0%
Dom studio Licker toilet
0%
Dafuq?Boom! Mad toilet
0%
Dafuq?Boom! Mafia toilet
0%
Skibidi studio Magnetic g-clone toilet
0%
Skibidi studio Magnetic humanoid toilet
0%
Dom studio Magnetic toilet
0%
Maxedy Maxedy
0%
Viralance Meachnical saw toilet
0%
Dom studio Mechanical saw humanoid toilet
0%
Viralance Mechanic toilet
0%
Skibidi studio Mech toilet
0%
Dafuq?Boom! Medium toilet
0%
Skibidi TV Mega g-man toilet
0%
Viralance Mega laser toilet
0%
Dafuq?Boom! Michael Jackson toilet
0%
Dafuq?Boom! Militiant toilet
0%
Dafuq?Boom! Miner toilet
0%
Dom studio Minigun toilet
0%
Monster up Mini titan toilet
0%
Dom studio Momo toilet
0%
Dom studio Monster toilet
0%
Monster up Monster up
0%
Skibidi studio Multi toilet
0%
Skibidi studio Multi tv toilet
0%
Skibidi studio Music toilet
0%
Dafuq?Boom! Muthant g-man toilet
0%
Dom studio Muthant spider toilet
0%
Skibidi studio Muthated toilet
0%
Viralance Necro big cinemaman
0%
Viralance Necro giant gray speakerman
0%
Viralance Necro giant speakerman
0%
Viralance Necro g-man toilet
0%
Viralance Necro g-man toilet 2.0
0%
Viralance Necro large cameraman
0%
Viralance Necromanter toilet
0%
Viralance Necro multi giant speakerman
0%
Viralance Necro titan sonarman
0%
Skibidi studio Nerd toilet
0%
Skibidi studio Ninja toilet
0%
Dom studio No-eye humanoid toilet
0%
Dom studio No-eye spider toilet
0%
Dafuq?Boom! Nuke launcher plane toilet
0%
Dafuq?Boom! Nuke launcher toilet
0%
Skibidi studio Octopus toilet
0%
Dom studio One astro toilet
0%
Viralance One hand toilet
0%
Skibidi studio Outcast mafia toilet
0%
Skibidi studio Outcast toilet
0%
Dafuq?Boom! Overload toilet
0%
Skibidi studio Panelman toilet
0%
Dafuq?Boom! Parasitic toilet
0%
Skibidi studio Pencilman toilet
0%
Dafuq?Boom! Penguin0 toilet
0%
Dom studio Pennywise toilet
0%
Viralance Plaga toilet
0%
Dafuq?Boom! Plane explosion barrel toilet
0%
Dafuq?Boom! Plane g-clone toilet
0%
Dafuq?Boom! Plane toilet
0%
Dafuq?Boom! Plane toxic barrel toilet
0%
Dom studio Platform titan scientist toilet
0%
Omega skibidi Plunger toilet
0%
Skibidi studio Police fan toilet
0%
Dafuq?Boom! Police toilet
0%
Dom studio Purple clown toilet
0%
Skibidi TV Quad astro toilet
0%
Dafuq?Boom! Quad blade strider toilet
0%
Skibidi studio Quad buzzsaw toilet
0%
Viralance Quad laser jetpack toilet
0%
Viralance Quad laser tank toilet
0%
Dafuq?Boom! Real G-man toilet
0%
Dom studio Red clown toilet
0%
Viralance Red tridian
0%
Skibidi studio Repairier toilet
0%
Dafuq?Boom! Repair toilet
0%
Skibidi studio Returned giant claw toilet
0%
Skibidi studio Returned humanoid toilet
0%
Skibidi studio Returned large humanoid toilet
0%
Skibidi studio Returned saw toilet
0%
Skibidi studio Returned striker toilet
0%
Skibidi studio Returned Titan speakerman parasitic toilet
0%
Skibidi studio Returned urinal toilet
0%
Viralance Robber kitchen toilet
0%
Dom studio Robber platform toilet
0%
Dafuq?Boom! Robber toilet
0%
Viralance Robo humanoid toilet
0%
Dafuq?Boom! Rocket launcher plane toilet
0%
Dafuq?Boom! Rocket launcher robber toilet
0%
Dom studio Rocket toilet
0%
Skibidi studio Rock'n toilet
0%
Skibidi studio Rock toilet
0%
Skibidi studio Rubber toilet
0%
Spiddarund Samurai humanoid toilet
0%
Dom studio Santa claus toilet
0%
Skibidi studio Saw spider toilet
0%
Dafuq?Boom! Saw toilet
0%
Dom studio Scary ghost toilet
0%
Dafuq?Boom! Scientist repair toilet
0%
Skibidi studio Scorpion toilet
0%
Skibidi studio Secret toilet
0%
Dafuq?Boom! Security toilet
0%
Skibidi studio Shield toilet
0%
Dafuq?Boom! Shot solider toilet
0%
Dafuq?Boom! Shot spider toilet
0%
Dafuq?Boom! Shot toilet
0%
Viralance Sink glitch toilet
0%
Dom studio Skeleton astro toilet
0%
Viralance Skeleton toilet
0%
Skibidi?Boom! Skibidi?Boom!
0%
Viralance Skibidi man
0%
Skibidi TV Skibidi TV
0%
Dafuq?Boom! Small bathub toilet
0%
Dafuq?Boom! Small humanoid toilet
0%
Dom studio Snake toilet
0%
Dom studio Snowman toilet
0%
Skibidi studio Solider toilet
0%
Skibidi studio Sonarman toilet
0%
Skibidi studio Speaker buzzsaw jetpack toilet
0%
Skibidi studio Speaker g-clone toilet
0%
Skibidi studio Speaker laser robber toilet
0%
Skibidi studio Speakerman toilet
0%
Dom studio Speaker toilet
0%
Spiddarund Spiddarund
0%
Skibidi studio Spider builder toilet
0%
Dafuq?Boom! Spider hydra toilet
0%
Skibidi studio Spider robber toilet
0%
Dafuq?Boom! Spider Scientist toilet
0%
Viralance Spider skeleton toilet
0%
Dafuq?Boom! Spider toilet
0%
Omega skibidi Spider wololo toilet
0%
Dom studio Spiked ball toilet
0%
Dafuq?Boom! Stick launcher police toilet
0%
Dom studio Stick launcher toilet
0%
Viralance Stick mask strider toilet
0%
Skibidi studio Stone statue toilet
0%
Dafuq?Boom! Striker toilet
0%
Dom studio Strongman humanoid toilet
0%
Dafuq?Boom! Strongman toilet
0%
Sunred Sunred
0%
Dafuq?Boom! Super g-man toilet
0%
Dafuq?Boom! Swat humanoid toilet
0%
Spiddarund Swat laser humanoid toilet
0%
Spiddarund Swat laser toilet
0%
Skibidi studio Sword toilet
0%
Viralance Tablet helicopter toilet
0%
Skibidi studio Tall tower toilet
0%
Dom studio Tank buzzsaw toilet
0%
Skibidi studio Tank toilet
0%
Skibidi studio Taran toilet
0%
Skibidi studio Tenisist toilet
0%
Viralance Terminator toilet
0%
Skibidi studio Terrorist toilet
0%
Dom studio Theatron toilet
0%
Dom studio The rock humanoid toilet
0%
Viralance Titan emperor
0%
Viralance Titan emperor 2.0
0%
Viralance Titan humanoid necro toilet
0%
Viralance Titan humanoid scientist repairier toilet
0%
Viralance Titan humanoid scientist toilet
0%
Spiddarund Titan laser toilet
0%
Dafuq?Boom! Titan scientist toilet
0%
Dafuq?Boom! Titan scientist toilet 2.0
0%
Dom studio Titan scientist toilet 3.0
0%
Dom studio Titan scientist toilet 4.0
0%
Dom studio Titan scientist toilet 5.0
0%
Viralance Toilet Emperor
0%
Skibidi studio Tol toi toilet
0%
Omega skibidi Tomczewski toilet
0%
Dom studio Tower bars toilet
0%
Dafuq?Boom! Toxic barrel toilet
0%
Dom studio Toxic clown toilet
0%
Skibidi studio Toxic g-clone toilet
0%
Skibidi studio Toxic glasses toilet
0%
Skibidi studio Toxic humanoid toilet
0%
Skibidi studio Toxic laser toilet
0%
Dafuq?Boom! Toxic skeleton toilet
0%
Skibidi studio Train toilet
0%
Skibidi studio Trap toilet
0%
Skibidi studio Trashcan toilet
0%
Dafuq?Boom! Tri launcher plane toilet
0%
Dom studio Tri mechanical saw toilet
0%
Dafuq?Boom! Triple skeleton toilet
0%
Dafuq?Boom! Triple toilet
0%
Dafuq?Boom! Tri rocket launcher helicopter robber toilet
0%
Dafuq?Boom! Tri rocket launcher helicopter toilet
0%
Skibidi studio TV man toilet
0%
Dafuq?Boom! Ufo toilet
0%
Dafuq?Boom! Ultra g-man toilet
0%
Skibidi studio Upgrated assasin toilet
0%
Skibidi studio Upgrated bathub toilet
0%
Dafuq?Boom! Upgrated buzzsaw humanoid toilet
0%
Skibidi studio Upgrated camo toilet
0%
Skibidi studio Upgrated cat toilet
0%
Skibidi studio Upgrated child toilet
0%
Dafuq?Boom! Upgrated claw toilet
0%
Skibidi studio Upgrated combine clown toilet
0%
Skibidi studio Upgrated cool toilet
0%
Skibidi studio Upgrated DJ toilet
0%
Dom studio Upgrated electric toilet
0%
Skibidi studio Upgrated flamethrower toilet
0%
Skibidi studio Upgrated giant rocket toilet
0%
Skibidi studio Upgrated giant shield toilet
0%
Skibidi studio Upgrated glitch toilet
0%
Dafuq?Boom! Upgrated grandpa toilet
0%
Skibidi studio Upgrated helicopter toilet
0%
Skibidi studio Upgrated holy toilet
0%
Skibidi studio Upgrated humanoid toilet
0%
Skibidi studio Upgrated large parasitic toilet
0%
Skibidi studio Upgrated launcher toilet
0%
Dafuq?Boom! Upgrated mafia toilet
0%
Dom studio Upgrated magnetic toilet
0%
Skibidi studio Upgrated miner toilet
0%
Skibidi studio Upgrated robber toilet
0%
Skibidi studio Upgrated spider hydra toilet
0%
Skibidi studio Upgrated spider toilet
0%
Skibidi studio Upgrated strongman toilet
0%
Viralance Upgrated toilet emperor
0%
Skibidi studio Upgrated toxic skeleton toilet
0%
Skibidi studio Upgrated triple toilet
0%
Skibidi studio Upgrated ufo toilet
0%
Skibidi studio Upgrated vaccum toilet
0%
Dom studio Vaccum ghost toilet
0%
Viralance Viralance
0%
Dom studio VR toilet
0%
Skibidi studio Wall toilet
0%
Dafuq?Boom! Walter White toilet
0%
Skibidi studio Washing machine toilet
0%
Skibidi studio Water strider toilet
0%
Skibidi studio Weaponed toilet
0%
Dom studio Welder spider toilet
0%
Dom studio Welder toilet
0%
Viralance White spider toilet
0%
Viralance Wololo big cinemaman
0%
Viralance Wololo toilet
0%
Viralance Worm toilet
0%
Sunred Yellow cameraman
0%
Dom studio Yellow clown toilet
0%
Omega skibidi Yellow large tvman
0%
Sunred Yellow titan cameraman
0%
Sunred Yellow titan projectorman
0%
Sunred Yellow titan speakerman
0%
Sunred Yellow titan tvman
0%
Viralance Yellow tridian
0%
Yusufer Yusufer
0%
ZacDoor ZacDoor
0%
Skibidi studio Zombie buzzsaw humanoid toilet
0%
Omega skibidi Zombie claw toilet
0%
Skibidi studio Zombie humanoid toilet
0%
Skibidi studio Zombie spider toilet
0%
Skibidi studio Zombie toilet
0%
Nie znaleziono quizów pasujących do podanych kryteriów
Rozkład punktacji
Procent ludzi z każdym wynikiem
Percentyl według liczby udzielonych odpowiedzi
Twoja historia wyników
Nie rozwiązałeś tego quizu